Detalles MARC
| 000 -LÍDER |
| Campo fijo de descripción fija |
02059nam a2200373 i 4500 |
| 001 - NÚMERO DE CONTROL |
| Campo de control |
768714001 |
| 003 - IDENTIFICADOR DEL NÚMERO DE CONTROL |
| Campo de control |
CO-MdFUSB |
| 005 - FECHA Y HORA DE LA ULTIMA TRANSACCIÓN |
| control field |
20260406125420.0 |
| 007 - CAMPO FIJO DE DESCRIPCIÓN FIJA--INFORMACIÓN GENERAL |
| Campo fijo de descripción fija |
ta |
| 008 - ELEMENTOS DE LONGITUD FIJA -- INFORMACIÓN GENERAL |
| Campo fijo de descripción fija -- Información general |
250904t1998 -us |||g |||| 00| 0 eng d |
| 020 ## - NÚMERO INTERNACIONAL NORMALIZADO PARA LIBROS |
| Número Internacional Normalizado del libro |
1-58134-007-9 |
| 040 ## - FUENTE DE CATALOGACIÓN |
| Agencia de catalogación original |
CO-MdFUSB |
| Idioma de catalogación |
spa |
| Agencia que realiza la transcripción |
CO-MdFUSB |
| Agencia que realiza la modificación |
CO-MdFUSBC |
| Convenciones de la descripción |
rda |
| 041 ## - CÓDIGO DE IDIOMA |
| Código de idioma para texto/pista de sonido o título separado |
eng |
| 082 ## - NÚMERO DE CLASIFICACIÓN DECIMAL DEWEY |
| Número de la edición del Dewey |
23 |
| Número de clasificación |
231 |
| Clave de autor-Numero de item |
P647 |
| 100 1# - ASIENTO PRINCIPAL--NOMBRE PERSONAL |
| Nombre personal |
Piper, John, |
| Fechas asociadas con el nombre |
1946- |
| Término relacionador |
autor |
| 245 ## - TÍTULO |
| Título del Material |
God’s passion for his glory : |
| Parte restante del título - Subtitulo |
living the vision of Jonathan Edwards |
| Mención de responsabilidad, etc. |
/ John Piper |
| 264 #1 - PRODUCCIÓN, PUBLICACIÓN, DISTRIBUCIÓN, MANUFACTURA, Y COPYRIGHT |
| Lugar de producción, publicación, distribución, manufactura |
Wheaton, Illinois, United States : |
| Nombre del productor, publicador, distribuidor |
Crossway Books, |
| Fecha de producción, publicación, distribución, manufactura, o copyright |
[1998] |
| 264 #4 - PRODUCCIÓN, PUBLICACIÓN, DISTRIBUCIÓN, MANUFACTURA, Y COPYRIGHT |
| Fecha de producción, publicación, distribución, manufactura, o copyright |
©1998 |
| 300 ## - DESCRIPCIÓN FÍSICA |
| Extensión |
266 páginas |
| Dimensiones |
; 24 cm |
| 336 ## - TIPO DE CONTENIDO |
| Fuente |
rdacontent |
| Término de tipo de contenido |
texto |
| Código de tipo de contenido |
txt |
| 337 ## - TIPO DE MEDIO |
| Fuente |
rdamedia |
| Nombre del tipo de medio |
sin mediación |
| Código del tipo de medio |
n |
| 338 ## - TIPO DE SOPORTE |
| Fuente |
rdacarrier |
| Nombre del tipo de soporte |
volumen |
| Código Tipo de soporte |
nc |
| 500 ## - NOTA GENERAL |
| Nota General |
Tabla de contenido traducida por agencia catalogadora |
| 505 ## - NOTA DE CONTENIDO |
| Información miscelánea |
Parte 1: |
| Título |
Un encuentro personal con Jonathan Edwards /John Piper: |
| Nota de contenido con formato preestablecido |
El fin para el cual Dios creó el mundo: ¿Por qué publicar un libro antiguo? -- Una preocupación personal y pública. -- Jonathan Edwards, el hombre y su vida: aprendiendo de un evangélico no moderno. -- Jonathan Edwards, una mente enamorada de Dios: la vida privada de un evangélico moderno. -- Jonathan Edwards, disfrutando de Dios y la transformación de la cultura: la vida pública de un evangélico moderno. |
| Información miscelánea |
Parte 2: |
| Título |
El fin para el cual Dios creó el mundo / Jonathan Edwards: |
| Nota de contenido con formato preestablecido |
Contiene explicaciones de términos y posiciones generales. -- En lo que se considera lo que la razón enseña sobre este asunto. -- Algunas cosas observadas en general que la razón dicta. -- Algunas observaciones adicionales sobre aquellas cosas que la razón nos lleva a suponer que Dios tuvo como objetivo en la creación del mundo. |
| 563 ## - NOTA DE ENCUADERNACIÓN |
| Nota de encuadernación |
pasta dura |
| 653 ## - TÉRMINO DE INDIZACIÓN - NO CONTROLADO |
| Término no controlado |
Dios — Gloria |
| 653 ## - TÉRMINO DE INDIZACIÓN - NO CONTROLADO |
| Término no controlado |
Teología doctrinal |
| 653 ## - TÉRMINO DE INDIZACIÓN - NO CONTROLADO |
| Término no controlado |
Dios — Naturaleza y atributos |
| 653 ## - TÉRMINO DE INDIZACIÓN - NO CONTROLADO |
| Término no controlado |
Edwards, Jonathan, 1703–1758 — Teología |
| 653 ## - TÉRMINO DE INDIZACIÓN - NO CONTROLADO |
| Término no controlado |
Teología reformada |
| 942 ## - TIPO DE MATERIAL (KOHA) |
| Tipo de Item KOHA |
Libros General |
| 945 ## - INFORMACIÓN LOCAL DEL REGISTRO |
| Catalogador |
Estudiante Juan Eusse |